Extrakcia obrazových príznakov založená na posilňovanom učení

Gespeichert in:
Bibliographische Detailangaben
1. Verfasser: Kvočka, Roman (Verfasst von)
Weitere Verfasser: Pavlovičová, Jarmila (Betreuung Doktorarbeit)
Format: Manuskript Buch
Sprache:Slowakisch
Veröffentlicht: 2019
Schlagworte:
Online-Zugang:http://is.stuba.sk/zp/portal_zp.pl?podrobnosti=144444
Tags: Tag hinzufügen
Keine Tags, Fügen Sie das erste Tag hinzu!

MARC

LEADER 00000ntm a22000003a 4500
001 stuzp71556
003 SK-STU
005 20190823115406.4
007 ta
008 150427s2015----xo-----f-mn---000-0-slo-d
040 |a STU  |b slo 
041 0 |a slo 
044 |a xo 
100 1 |a Kvočka, Roman  |u 031000  |k Z4  |4 aut  |U FEI Fakulta elektrotechniky a informatiky  |T FEI Ústav robotiky a kybernetiky  |X 74740  |U E011  |Y 356  |7 74740 
242 0 1 |a Image Feature Extraction Based on Reinforcement Learning  |y eng 
245 1 0 |a Extrakcia obrazových príznakov založená na posilňovanom učení 
260 |c 2019 
300 |a 55 s.,  |b CD-ROM 
650 4 |a segmentácia  |2 slo 
650 4 |a posilňované učenie  |2 slo 
650 4 |a strojové učenie  |2 slo 
650 4 |a TD - lambda  |2 slo 
650 4 |a image segmentation  |2 eng 
650 4 |a reinforcement learning  |2 eng 
650 4 |a machine learning  |2 eng 
650 4 |a TD - lambda  |2 eng 
700 1 |a Pavlovičová, Jarmila  |u 031000  |k Z1  |4 ths  |U FEI Fakulta elektrotechniky a informatiky  |T FEI Ústav robotiky a kybernetiky  |X 1872  |U E011  |Y 356  |7 A000001872 
856 4 |u http://is.stuba.sk/zp/portal_zp.pl?podrobnosti=144444 
996 |b 284EP12370  |c E*DIPL- 12370  |l EE35  |s P  |a 0  |w stuzp71556_0001